Los Recursos Procesales. Cuarta edición ampliada y actualizada por Cristián Maturana Miquel, incluyendo los recursos de nulidad y unificación de jurisprudencia en materia laboral.
Furkejuvvon:
| Váldodahkki: | |
|---|---|
| Eará dahkkit: | |
| Materiálatiipa: | Dovdameahttun |
| Almmustuhtton: |
Santiago, Chile:
Jurídica de Chile,
2023.
|
| Preanttus: | Cuarta edición ampliada y actualizada. |
| Fáttát: | |
| Fáddágilkorat: |
Lasit fáddágilkoriid
Eai fáddágilkorat, Lasit vuosttaš fáddágilkora!
|
MARC
| LEADER | 00000 a2200000 4500 | ||
|---|---|---|---|
| 003 | CL-VaPUC | ||
| 005 | 20250331161057.0 | ||
| 008 | 250325t2023 ||||| |||| 00| 0 spa d | ||
| 999 | |c 447654 |d 447652 | ||
| 020 | |a 978-956-10-2714-5 | ||
| 040 | |c Pontificia Universidad Católica de Valparaíso | ||
| 082 | |2 22 |a 347.8305 MOS 2024 | ||
| 100 | |a Mosquera Ruiz, Mario |9 622999 |e autor | ||
| 245 | |a Los Recursos Procesales. |b Cuarta edición ampliada y actualizada por Cristián Maturana Miquel, incluyendo los recursos de nulidad y unificación de jurisprudencia en materia laboral. | ||
| 250 | |a Cuarta edición ampliada y actualizada. | ||
| 260 | |a Santiago, Chile: |b Jurídica de Chile, |c 2023. | ||
| 300 | |a 814 páginas. | ||
| 583 | |k Yessy Díaz Vidal |c 20250325 | ||
| 650 | 0 | |9 454338 |a Derecho procesal |x Recursos procesales |x Procedimiento legislativo |z Chile | |
| 700 | |9 598660 |a Maturana Miquel, Cristián |e autor | ||
| 942 | |2 ddc |c BK | ||
| 952 | |0 0 |1 0 |2 ddc |4 0 |6 347_830500000000000_MOS_2024 |7 0 |8 A |9 601882 |a BIBDER |b BIBDER |d 2025-03-25 |e 22 |g 101000.00 |i 5666708 |l 2 |m 1 |o 347.8305 MOS 2024 |p 5666708 |q 2025-05-14 |r 2025-05-07 |s 2025-05-07 |t 1 |v 101000.00 |w 2025-03-25 |y BK |k DER | ||